[Event "52nd Sparkassen Open A"]
[Site "Dortmund GER"]
[Date "2025.08.08"]
[Round "7.13"]
[White "Sargsyan, Anna M."]
[Black "Wagner, Dennis"]
[Result "0-1"]
[WhiteTitle "IM"]
[BlackTitle "GM"]
[WhiteElo "2362"]
[BlackElo "2617"]
[WhiteFideId "13308130"]
[BlackFideId "24650684"]
[EventDate "2025.08.02"]

1. e4 c6 2. Nc3 d5 3. Nf3 dxe4 4. Nxe4 Nf6 5. Qe2 Na6 6. b3 Bf5 7. Nxf6+ gxf6 8.
Bb2 h5 9. Bxf6 Rh6 10. Bc3 Bxc2 11. d3 Re6 12. Ne5 Bg7 13. f4 Nb4 14. d4 Nd3+
15. Kd2 Nxe5 16. Kxc2 Ng4 17. Qd2 Qd6 18. Kb2 Re4 19. h3 Rxd4 20. Bxd4 Bxd4+ 21.
Kb1 Nf2 22. Rh2 Qg6+ 23. Kc1 O-O-O 24. g4 hxg4 25. Rxf2 Bxa1 26. Qc2 Qe6 27. Re2
Qd6 28. Re4 Qa3+ 0-1

[Event "52nd Sparkassen Open A"]
[Site "Dortmund GER"]
[Date "2025.08.08"]
[Round "7.14"]
[White "Malinowsky, Levi"]
[Black "Materia, Marco"]
[Result "0-1"]
[WhiteTitle "CM"]
[BlackTitle "IM"]
[WhiteElo "2332"]
[BlackElo "2500"]
[WhiteFideId "16253094"]
[BlackFideId "45150451"]
[EventDate "2025.08.02"]

1. e4 c5 2. Nf3 e6 3. d4 cxd4 4. Nxd4 Nc6 5. Nc3 Qc7 6. Be3 a6 7. g4 h6 8. Bg2
Ne5 9. h3 b5 10. O-O Bb7 11. Re1 Nf6 12. Bf4 d6 13. Bg3 g5 14. f4 gxf4 15. Bxf4
Be7 16. Rb1 Nfd7 17. a4 b4 18. Nce2 h5 19. gxh5 Rxh5 20. c3 Ng6 21. Bg3 Bh4 22.
Nf3 Nde5 23. Nxe5 dxe5 24. cxb4 Rg5 25. Kh2 Nf4 26. Bf3 Bxg3+ 27. Nxg3 Ke7 28.
Rc1 Qb6 29. Qc2 Rc8 30. Qd2 Rh8 31. Nh5 Rgxh5 32. Bxh5 Rxh5 33. Rc3 Kf8 34. Rd1
Bxe4 35. Qd6+ Qxd6 36. Rxd6 Nd5 37. Rc4 Bd3 38. Rc5 Nxb4 39. Rc7 e4 40. Rdd7 Rf5 0-1

[Event "52nd Sparkassen Open A"]
[Site "Dortmund GER"]
[Date "2025.08.08"]
[Round "7.15"]
[White "Peyrer, Konstantin"]
[Black "Golis, Wiktor"]
[Result "1-0"]
[WhiteTitle "IM"]
[BlackTitle "FM"]
[WhiteElo "2490"]
[BlackElo "2280"]
[WhiteFideId "1640879"]
[BlackFideId "21055874"]
[EventDate "2025.08.02"]

1. d4 Nf6 2. c4 e6 3. Nf3 d5 4. Nc3 dxc4 5. e4 b5 6. e5 Nd5 7. Nxb5 Nb6 8. Be2
Nc6 9. Be3 Be7 10. a3 Bb7 11. Qc2 Na5 12. O-O O-O 13. Rad1 Qd7 14. Nc3 Rab8 15.
Ng5 Bxg5 16. Bxg5 Nc6 17. Qd2 Ne7 18. Bg4 Rfe8 19. f4 Na4 20. Bxe7 Nxc3 21. bxc3
Qxe7 22. f5 exf5 23. Bxf5 Bd5 24. Bc2 Rb6 25. Rde1 Reb8 26. Qf2 Rb2 27. Re2 g6
28. h4 Ra2 29. Qg3 Rbb2 30. Rff2 Be4 31. Rxe4 Rxc2 32. Rxc2 Rxc2 33. e6 fxe6 34.
h5 Qf7 35. Rf4 Rxc3 36. Qg5 Qe8 37. h6 Qb8 38. Qf6 1-0

[Event "52nd Sparkassen Open A"]
[Site "Dortmund GER"]
[Date "2025.08.08"]
[Round "7.16"]
[White "Chen, Qi b"]
[Black "Borne, Felix"]
[Result "1-0"]
[WhiteTitle "IM"]
[BlackTitle "FM"]
[WhiteElo "2468"]
[BlackElo "2328"]
[WhiteFideId "8614733"]
[BlackFideId "551039915"]
[EventDate "2025.08.02"]

1. e4 c5 2. d3 Nc6 3. f4 g6 4. Nf3 Bg7 5. Be2 d6 6. O-O Nf6 7. a4 O-O 8. Qe1 e6
9. h3 Ne8 10. c3 f5 11. Be3 Nf6 12. Nbd2 b6 13. Rd1 Bb7 14. Kh2 Ne7 15. Qh4 h6
16. e5 Nfd5 17. exd6 Qxd6 18. Nc4 Qc7 19. Kh1 Nxe3 20. Nxe3 Rad8 21. Rde1 e5 22.
fxe5 f4 23. Nc4 g5 24. Qf2 Nf5 25. d4 cxd4 26. Nxd4 Ng3+ 27. Kg1 Ne4 28. Qf3 Nd2
29. Qd3 Nxf1 30. Rxf1 Rfe8 31. Qg6 Qf7 32. Qxf7+ Kxf7 33. Bh5+ Kf8 34. Bxe8 Rxe8
35. Nd6 Re7 36. N4f5 Rxe5 37. Nxg7 Ba6 38. Ngf5 Bd3 39. Nxh6 Re6 40. Nhf5 Rf6
41. Re1 Bxf5 42. Re8+ Kg7 43. Nxf5+ Rxf5 44. Re7+ Kf6 45. Rxa7 Re5 46. Ra6 Re6
47. Kf2 1-0

[Event "52nd Sparkassen Open A"]
[Site "Dortmund GER"]
[Date "2025.08.08"]
[Round "7.17"]
[White "Sydykov, Bayastan"]
[Black "Vaganian, Rafael A"]
[Result "1-0"]
[WhiteTitle "FM"]
[BlackTitle "GM"]
[WhiteElo "2322"]
[BlackElo "2449"]
[WhiteFideId "13829610"]
[BlackFideId "13300016"]
[EventDate "2025.08.02"]

1. e4 e6 2. d4 d5 3. e5 c5 4. c3 Nc6 5. Nf3 Bd7 6. Be2 Nge7 7. Na3 cxd4 8. cxd4
Nf5 9. Nc2 Nb4 10. Nxb4 Bxb4+ 11. Kf1 Be7 12. g3 Qb6 13. Kg2 h5 14. Bd3 h4 15.
a4 h3+ 16. Kf1 a5 17. Be2 Rc8 18. Rg1 f6 19. g4 Nh4 20. Nxh4 Rxh4 21. Rg3 fxe5
22. dxe5 Qc7 23. Bf4 g5 24. Rc3 Bc6 25. Bg3 Rh8 26. Qd4 Bd8 27. Kg1 Qb6 28. Qd3
Qb4 29. Bf3 Kd7 30. Rb3 Qc5 31. Rc3 Qb6 32. Rb3 Qa7 33. Be2 Qc5 34. Qd2 Qa7 35.
Bf1 Be7 36. Rf3 Rcf8 37. Rxf8 Rxf8 38. Bxh3 Rf3 39. Bg2 Rb3 40. Bf1 Qb6 41. Ra2
Rb4 42. Be2 d4 43. Bd1 Bd5 44. Ra1 Rxb2 45. Qd3 Qb4 46. Be2 Rb3 47. Qd1 Bc5 48.
Bd3 Kc7 49. Bb5 Bf3 50. Qc2 Qc3 51. Qh7+ Kb6 52. Rf1 d3 53. Qd7 d2 54. Qxe6+ Ka7
55. Qe8 Qc1 56. e6 d1=Q 57. Qb8+ 1-0

[Event "52nd Sparkassen Open A"]
[Site "Dortmund GER"]
[Date "2025.08.09"]
[Round "8.1"]
[White "Bluebaum, Matthias"]
[Black "Kollars, Dmitrij"]
[Result "1/2-1/2"]
[WhiteTitle "GM"]
[BlackTitle "GM"]
[WhiteElo "2660"]
[BlackElo "2644"]
[WhiteFideId "24651516"]
[BlackFideId "12909572"]
[EventDate "2025.08.02"]

1. d4 d5 2. c4 e6 3. Nc3 Be7 4. cxd5 exd5 5. Bf4 c6 6. e3 Bf5 7. Nf3 Nd7 8. a3
Ngf6 9. h3 h6 10. g4 Bh7 11. Bd3 Bxd3 12. Qxd3 a5 13. Rg1 b5 14. g5 hxg5 15.
Nxg5 Nf8 16. Ne2 Nh5 17. Nf3 Ne6 18. Ne5 Nhxf4 19. Nxf4 Nxf4 20. exf4 Bf6 21.
O-O-O Qd6 22. Kb1 Rc8 23. Rc1 Rc7 24. Rg3 Kf8 25. Qd2 a4 26. Rgc3 Bxe5 27. fxe5
Qe6 28. Qg5 Qe7 29. Qg3 Rh6 30. f4 Qe6 31. Qg4 Qxg4 32. hxg4 Rh4 33. Rg3 1/2-1/2

[Event "52nd Sparkassen Open A"]
[Site "Dortmund GER"]
[Date "2025.08.09"]
[Round "8.2"]
[White "Ganguly, Surya Shekhar"]
[Black "Engel, Luis"]
[Result "1-0"]
[WhiteTitle "GM"]
[BlackTitle "GM"]
[WhiteElo "2566"]
[BlackElo "2548"]
[WhiteFideId "5002150"]
[BlackFideId "12961523"]
[EventDate "2025.08.02"]

1. e4 c5 2. Nf3 d6 3. d4 cxd4 4. Nxd4 Nf6 5. Nc3 a6 6. f3 e5 7. Nb3 Be6 8. Be3
h5 9. Be2 Nbd7 10. f4 b5 11. f5 Bc4 12. Bxc4 bxc4 13. Nd2 Rb8 14. Nxc4 Nxe4 15.
Nxe4 Qh4+ 16. Nf2 Qxc4 17. b3 Qc3+ 18. Bd2 Qc6 19. O-O d5 20. c4 d4 21. Qe2 Bd6
22. Rae1 Kf8 23. Ne4 f6 24. Qf3 Bb4 25. Bxb4+ Rxb4 26. Rc1 a5 27. a3 Rb8 28. c5
Ke7 29. Rfe1 Qd5 30. c6 Rxb3 31. Qd1 Nb6 32. Rc5 Qf7 33. Rxa5 Ra8 34. Rxa8 Nxa8
35. Qc2 Nc7 36. Qc5+ Kd8 37. Qd6+ Ke8 38. Nc5 Rb2 39. Nd7 Nd5 40. Nxe5 fxe5 41.
Rxe5+ Ne7 42. Qd7+ Kf8 43. Qd8+ Qe8 44. c7 1-0

[Event "52nd Sparkassen Open A"]
[Site "Dortmund GER"]
[Date "2025.08.09"]
[Round "8.3"]
[White "Deuer, Marius"]
[Black "Xiao, Tong(QD)"]
[Result "1/2-1/2"]
[WhiteTitle "IM"]
[BlackTitle "GM"]
[WhiteElo "2487"]
[BlackElo "2539"]
[WhiteFideId "16236432"]
[BlackFideId "8622388"]
[EventDate "2025.08.02"]

1. d4 Nf6 2. c4 e6 3. Nc3 Bb4 4. e3 b6 5. Ne2 Ne4 6. Bd2 Nxd2 7. Qxd2 Bb7 8. a3
Be7 9. Nf4 c6 10. Bd3 Na6 11. O-O O-O 12. Qe2 d6 13. Qh5 g6 14. Nxg6 fxg6 15.
Bxg6 hxg6 16. Qxg6+ Kh8 17. Qh6+ Kg8 18. Qg6+ Kh8 19. Qh6+ Kg8 20. Qg6+ Kh8 1/2-1/2

[Event "52nd Sparkassen Open A"]
[Site "Dortmund GER"]
[Date "2025.08.09"]
[Round "8.4"]
[White "Dau Khuong Duy"]
[Black "Gavrilescu, David"]
[Result "1-0"]
[WhiteTitle "IM"]
[BlackTitle "GM"]
[WhiteElo "2462"]
[BlackElo "2531"]
[WhiteFideId "12424722"]
[BlackFideId "1227190"]
[EventDate "2025.08.02"]

1. e4 c5 2. Nf3 d6 3. d4 cxd4 4. Nxd4 Nf6 5. Nc3 a6 6. h3 e5 7. Nb3 Be6 8. Qf3
Be7 9. Be3 Nbd7 10. g4 g6 11. g5 Nh5 12. h4 h6 13. gxh6 Bxh4 14. O-O-O Be7 15.
Nd5 Bf8 16. Bh3 Bxh3 17. Rxh3 Bxh6 18. Bxh6 Rxh6 19. Qe3 Rh7 20. Qc3 Kf8 21. Qb4
Kg7 22. Qxd6 Qg5+ 23. f4 Qg4 24. Rdh1 Rah8 25. Nc5 Nxc5 26. Qxe5+ Kg8 27. Rxh5
Rxh5 28. Nf6+ Kf8 29. Nxg4 Rxh1+ 30. Kd2 b6 31. b4 Ne6 32. f5 gxf5 33. exf5 Nd8
34. Qd6+ Kg7 35. Qf6+ Kh7 36. Qg5 Rf8 37. Nf6+ Kh8 38. Nh5 1-0

[Event "52nd Sparkassen Open A"]
[Site "Dortmund GER"]
[Date "2025.08.09"]
[Round "8.5"]
[White "Nitish, Belurkar"]
[Black "Malek, Jan"]
[Result "1/2-1/2"]
[WhiteTitle "IM"]
[BlackTitle "GM"]
[WhiteElo "2486"]
[BlackElo "2526"]
[WhiteFideId "5084768"]
[BlackFideId "21864080"]
[EventDate "2025.08.02"]

1. e4 e6 2. d4 d5 3. Nc3 Bb4 4. Ne2 Ne7 5. a3 Ba5 6. b4 Bb6 7. Be3 O-O 8. Qd2 a5
9. Rb1 axb4 10. axb4 Nbc6 11. exd5 exd5 12. Ng3 Nf5 13. Nxf5 Bxf5 14. Bb5 Qd6
15. O-O Rfd8 16. Ne2 Ra2 17. Rfc1 h6 18. Bd3 Qf6 19. Bxf5 Qxf5 20. Qd1 Ne7 21.
Ng3 Qg6 22. Ra1 Rda8 23. Rxa2 Rxa2 24. c3 Qc6 25. h4 Qd7 26. h5 c6 27. Bf4 Qe6
28. Qd3 Ra8 29. Qd2 Nf5 30. Re1 Qd7 31. Qd3 Nxg3 32. Qxg3 Kh8 33. Be5 f6 34. Bd6
Re8 35. Rxe8+ Qxe8 36. Qg6 Qe1+ 37. Kh2 Qxf2 38. Qe8+ Kh7 39. Qg6+ Kh8 1/2-1/2

[Event "52nd Sparkassen Open A"]
[Site "Dortmund GER"]
[Date "2025.08.09"]
[Round "8.6"]
[White "Cornette, Matthieu"]
[Black "Parvanyan, Ashot"]
[Result "1/2-1/2"]
[WhiteTitle "GM"]
[BlackTitle "IM"]
[WhiteElo "2524"]
[BlackElo "2403"]
[WhiteFideId "620084"]
[BlackFideId "13307550"]
[EventDate "2025.08.02"]

1. d4 Nf6 2. c4 g6 3. g3 Bg7 4. Bg2 O-O 5. Nc3 d6 6. Nf3 c5 7. O-O Nc6 8. dxc5
dxc5 9. Bf4 Nh5 10. Be3 b6 11. Qc1 Bb7 12. Bh6 Qe8 13. g4 Nf6 14. h3 Rd8 15.
Bxg7 Kxg7 16. Qe3 Nd4 17. Qe5 Nc6 18. Qg3 Qd7 19. Rad1 Qc8 20. Ne5 Rxd1 21. Rxd1
Rd8 22. Nxc6 Rxd1+ 23. Nxd1 Bxc6 24. Qe5 Bxg2 25. Kxg2 Qb7+ 26. f3 h6 27. Ne3
Kh7 28. Kf2 Qd7 29. h4 Ne8 30. h5 Qd6 31. hxg6+ fxg6 32. Qd5 Qxd5 33. Nxd5 e6
34. Ne7 Nd6 35. b3 Kg7 36. e4 Kf7 37. Nc6 Nc8 38. f4 Kf6 39. Kg3 a5 40. Kh4 Kg7
41. Kg3 Kf6 42. Kf3 Kf7 43. g5 h5 44. a4 Nd6 45. Ne5+ Kg7 46. Nd7 Nc8 47. Kg3
Nd6 48. Kf3 Nc8 49. Kg2 Kf7 50. Kh3 Nd6 51. Nxb6 Nxe4 52. Nd7 Nf2+ 53. Kg3 Nd3
54. Ne5+ Nxe5 1/2-1/2

[Event "52nd Sparkassen Open A"]
[Site "Dortmund GER"]
[Date "2025.08.09"]
[Round "8.7"]
[White "Wagner, Dennis"]
[Black "Wang, Tongsen"]
[Result "1/2-1/2"]
[WhiteTitle "GM"]
[WhiteElo "2617"]
[BlackElo "2400"]
[WhiteFideId "24650684"]
[BlackFideId "8608067"]
[EventDate "2025.08.02"]

1. c4 c6 2. Nf3 d5 3. d4 Nf6 4. e3 e6 5. Nbd2 Nbd7 6. b3 b6 7. Bb2 Bb7 8. Bd3
Be7 9. O-O O-O 10. Qe2 c5 11. Rfd1 Ne4 12. cxd5 exd5 13. dxc5 Nexc5 14. Nf1 Nxd3
15. Qxd3 Nc5 16. Qf5 Qd6 17. Ng3 g6 18. Qh3 f6 19. Rac1 Qe6 20. Qh6 Rf7 21. Qf4
Bd6 22. Qd4 Qe8 23. Ne2 Ne4 24. Nf4 Rd8 25. Qd3 Nc5 26. Qd2 Ne4 27. Qd3 Nc5 28.
Qd2 Ne4 29. Qd3 1/2-1/2

[Event "52nd Sparkassen Open A"]
[Site "Dortmund GER"]
[Date "2025.08.09"]
[Round "8.8"]
[White "Dahl, Christoph"]
[Black "Jumabayev, Rinat"]
[Result "0-1"]
[WhiteTitle "FM"]
[BlackTitle "GM"]
[WhiteElo "2387"]
[BlackElo "2556"]
[WhiteFideId "16240235"]
[BlackFideId "13702661"]
[EventDate "2025.08.02"]

1. d4 Nf6 2. c4 g6 3. Nc3 Bg7 4. e4 d6 5. Be2 O-O 6. Be3 c5 7. d5 e6 8. h3 exd5
9. exd5 Re8 10. Qc2 Qa5 11. Bd2 Bf5 12. Qb3 Na6 13. g4 Bd3 14. Kf1 Rxe2 15.
Ngxe2 Re8 16. Re1 Qb4 17. Kg2 Bxc4 18. Qc2 Nxd5 19. Nf4 Nxf4+ 20. Bxf4 Rd8 21.
Bg5 Rc8 22. Qd2 d5 23. a3 Qb6 24. Re7 Nc7 25. Qf4 f6 26. Rhe1 d4 27. Bh6 Bf7 28.
Bxg7 Kxg7 29. Na4 Qc6+ 30. Qf3 Nd5 31. Rxf7+ Kxf7 32. Kg1 b5 33. Re5 Ne7 34.
Qb3+ c4 0-1

[Event "52nd Sparkassen Open A"]
[Site "Dortmund GER"]
[Date "2025.08.09"]
[Round "8.9"]
[White "Paltrinieri, Nicholas"]
[Black "Liu, Yan"]
[Result "0-1"]
[WhiteTitle "FM"]
[BlackTitle "GM"]
[WhiteElo "2359"]
[BlackElo "2531"]
[WhiteFideId "828262"]
[BlackFideId "8608962"]
[EventDate "2025.08.02"]

1. e4 c5 2. Nf3 d6 3. d4 cxd4 4. Qxd4 Nc6 5. Bb5 Bd7 6. Bxc6 Bxc6 7. c4 Nf6 8.
Nc3 g6 9. O-O Bg7 10. Rd1 O-O 11. Qd3 Ng4 12. h3 Ne5 13. Nxe5 Bxe5 14. Bh6 Re8
15. Rac1 Qa5 16. Qb1 Qb4 17. Nd5 Qxb2 18. Nc7 Qxb1 19. Rxb1 Bxe4 20. Nxa8 Rxa8
21. Rb5 f5 22. Be3 b6 23. Rxe5 dxe5 24. Rd7 f4 25. Bd2 Kf7 26. Bb4 Rc8 27. Rxa7
Rxc4 28. Bxe7 Ke6 29. Bd8 b5 30. Re7+ Kd6 31. f3 Rc8 32. Rxh7 Rxd8 33. fxe4 Ra8
34. Rh6 Rxa2 35. Rxg6+ Kc5 36. Re6 b4 37. Rxe5+ Kc4 38. Re8 b3 39. Rb8 b2 40. h4
Ra1+ 41. Kf2 b1=Q 42. Rxb1 Rxb1 43. Kf3 Rf1+ 44. Kg4 Kd4 45. Kf5 Ke3 46. e5 Rf2 0-1

[Event "52nd Sparkassen Open A"]
[Site "Dortmund GER"]
[Date "2025.08.09"]
[Round "8.10"]
[White "Klimkowski, Jan"]
[Black "Papadopoulos, Ioannis"]
[Result "1-0"]
[WhiteTitle "GM"]
[WhiteElo "2517"]
[BlackElo "2237"]
[WhiteFideId "21856222"]
[BlackFideId "12955752"]
[EventDate "2025.08.02"]

1. e4 c5 2. Nf3 e6 3. d4 cxd4 4. Nxd4 Nc6 5. Nc3 Qc7 6. Be2 Nf6 7. Ndb5 Qb8 8.
f4 a6 9. e5 axb5 10. exf6 gxf6 11. Nxb5 Bc5 12. c3 d5 13. a4 Bd7 14. b4 Be7 15.
Be3 Rg8 16. O-O f5 17. a5 Kf8 18. Nd4 Nxd4 19. Bxd4 Bd6 20. Qd2 Qd8 21. Qe3 Qe8
22. Qh3 Rg6 23. Qxh7 e5 24. Qh8+ Ke7 25. Qxe8+ Rxe8 26. fxe5 Kd8 27. Bh5 Rh6 28.
Bxf7 Bxe5 29. Bxe8 Bxh2+ 30. Kf2 Bxe8 31. g3 f4 32. gxf4 Bxf4 33. Rh1 1-0

[Event "52nd Sparkassen Open A"]
[Site "Dortmund GER"]
[Date "2025.08.09"]
[Round "8.11"]
[White "Materia, Marco"]
[Black "Jin, Yueheng"]
[Result "1/2-1/2"]
[WhiteTitle "IM"]
[BlackTitle "IM"]
[WhiteElo "2500"]
[BlackElo "2374"]
[WhiteFideId "45150451"]
[BlackFideId "8616868"]
[EventDate "2025.08.02"]

1. d4 d5 2. c4 e6 3. Nf3 Nf6 4. Nc3 Be7 5. Bf4 O-O 6. e3 c5 7. dxc5 Bxc5 8. a3
Nc6 9. Qc2 Qa5 10. Rd1 Be7 11. Be2 Ne4 12. cxd5 Nxc3 13. bxc3 exd5 14. O-O h6
15. h3 Rd8 16. a4 Qc5 17. Nd4 Nxd4 18. exd4 Qa5 19. Rb1 Bd6 20. Bd2 Qc7 21. Bd3
Bd7 22. Qd1 b6 23. Re1 Bh2+ 24. Kh1 Bf4 25. Bxf4 1/2-1/2

[Event "52nd Sparkassen Open A"]
[Site "Dortmund GER"]
[Date "2025.08.09"]
[Round "8.12"]
[White "Otsuka, Shou"]
[Black "Peyrer, Konstantin"]
[Result "0-1"]
[WhiteTitle "FM"]
[BlackTitle "IM"]
[WhiteElo "2350"]
[BlackElo "2490"]
[WhiteFideId "7004702"]
[BlackFideId "1640879"]
[EventDate "2025.08.02"]

1. e4 e5 2. Nf3 Nc6 3. Bc4 d6 4. O-O Be7 5. d4 Nf6 6. dxe5 Nxe5 7. Nxe5 dxe5 8.
Qe2 c6 9. a4 a5 10. Nd2 Bg4 11. f3 Bd7 12. Kh1 O-O 13. Rd1 Qc7 14. Nf1 h6 15. g4
Nh7 16. Be3 Bg5 17. Bc5 Rfe8 18. Qf2 Be6 19. Bd6 Qc8 20. Be2 Bf4 21. Ng3 g6 22.
Bf1 Bd7 23. h4 Nf8 24. Ne2 Ne6 25. Ra3 Qd8 26. Nxf4 Nxf4 27. Bc5 Qc8 28. Be3 Kh7
29. Qh2 Qc7 30. Bxf4 exf4 31. Rad3 Rad8 32. Qd2 Re7 33. Qc3 Rde8 34. Qf6 Bc8 35.
Rd6 Re6 36. Qxf4 Qe7 37. Kg2 Rxd6 38. Rxd6 Be6 39. Bd3 Rd8 40. Rxd8 Qxd8 41. g5
h5 42. Qe3 Qe7 43. f4 c5 44. Kf2 Bd7 45. e5 Bxa4 46. f5 gxf5 47. Bxf5+ Kg8 48.
e6 Qd6 49. exf7+ Kxf7 50. Qf3 Qd4+ 51. Kg3 Qe5+ 52. Kh3 Kg8 53. Qe4 Qxe4 54.
Bxe4 Kf7 55. Bxb7 Bxc2 56. Kg3 Ke6 57. Kf4 c4 58. Bf3 a4 59. Be2 Bb3 60. Bxh5 c3
61. bxc3 a3 62. Bg4+ Ke7 0-1

[Event "52nd Sparkassen Open A"]
[Site "Dortmund GER"]
[Date "2025.08.09"]
[Round "8.13"]
[White "Sydykov, Bayastan"]
[Black "Chen, Qi b"]
[Result "1/2-1/2"]
[WhiteTitle "FM"]
[BlackTitle "IM"]
[WhiteElo "2322"]
[BlackElo "2468"]
[WhiteFideId "13829610"]
[BlackFideId "8614733"]
[EventDate "2025.08.02"]

1. e4 d6 2. d4 g6 3. Nc3 Bg7 4. Be3 a6 5. Qd2 b5 6. a3 Bb7 7. h4 h5 8. Nh3 Nd7
9. Ng5 Ngf6 10. f3 e6 11. Nd1 c5 12. c3 O-O 13. Bd3 Rc8 14. O-O Nb6 15. Qe2 Nh7
16. dxc5 dxc5 17. Nf2 Nxg5 18. hxg5 Qc7 19. f4 Qc6 20. g4 h4 21. Rad1 Rfd8 22.
Bb1 Na4 23. Kh2 Rxd1 24. Nxd1 a5 25. Qe1 c4 26. Qxh4 Nc5 27. Nf2 Nd3 28. Bxd3
cxd3 29. Rd1 Rd8 30. Qg3 b4 31. axb4 axb4 32. Bd4 Bxd4 33. cxd4 Qc2 34. Qe3 Qxb2
35. Rxd3 Ba6 36. Rb3 Qxd4 37. Qxd4 Rxd4 38. Kg3 Bb5 39. Kf3 Ba4 40. Rb2 Rc4 41.
Ke3 Bc2 42. Ra2 b3 43. Ra8+ Kg7 44. Rb8 Rc3+ 45. Kd2 Rg3 46. Ke2 Rg1 47. Nd3
Rg2+ 48. Kf3 Rd2 49. Nc5 Rd6 50. Ke3 Kh7 51. Ke2 Bd1+ 52. Ke3 Bc2 53. Ke2 Bd1+
54. Ke3 1/2-1/2

[Event "52nd Sparkassen Open A"]
[Site "Dortmund GER"]
[Date "2025.08.09"]
[Round "8.14"]
[White "Georgiadis, Anastasios"]
[Black "Zwirs, Nico"]
[Result "1/2-1/2"]
[BlackTitle "IM"]
[WhiteElo "2233"]
[BlackElo "2436"]
[WhiteFideId "25870173"]
[BlackFideId "1036432"]
[EventDate "2025.08.02"]

1. d4 Nf6 2. c4 e6 3. Nf3 Bb4+ 4. Nbd2 b6 5. a3 Bxd2+ 6. Bxd2 Bb7 7. Bg5 h6 8.
Bh4 d6 9. e3 Qe7 10. Bd3 e5 11. Bc2 Nbd7 12. d5 b5 13. b3 c6 14. Bxf6 Nxf6 15.
e4 O-O 16. O-O bxc4 17. bxc4 Ba6 18. Bd3 Nd7 19. Nd2 cxd5 20. exd5 Nc5 21. Nb3
Rfc8 22. Nxc5 Rxc5 23. Qa4 Bc8 24. Rae1 f5 25. f3 Bd7 26. Qb3 Rcc8 27. Rb1 Qd8
28. Qc2 g6 29. g4 fxg4 30. fxg4 Qg5 31. Kh1 Rf8 32. Bxg6 Bxg4 33. Be4 Kh8 34.
Qg2 Rxf1+ 35. Rxf1 Rg8 36. Qf2 Bh3 37. Qf6+ Rg7 38. Qf8+ Rg8 39. Qf6+ Rg7 40.
Qxg5 Rxg5 41. Rf6 Kg7 42. Rxd6 Bf1 43. c5 Rg4 44. Bf3 Rc4 45. Kg1 Bh3 46. Kf2
Rxc5 47. Be4 Rc4 48. Ke3 Rc3+ 49. Kd2 Rxa3 50. Rg6+ Kf7 51. Rxh6 Bg2 52. Bxg2
Ra2+ 53. Ke3 Rxg2 54. Ke4 1/2-1/2

[Event "52nd Sparkassen Open A"]
[Site "Dortmund GER"]
[Date "2025.08.09"]
[Round "8.15"]
[White "Gschnitzer, Adrian"]
[Black "Coenen, Michael"]
[Result "1/2-1/2"]
[WhiteTitle "IM"]
[BlackTitle "FM"]
[WhiteElo "2445"]
[BlackElo "2314"]
[WhiteFideId "1270337"]
[BlackFideId "4697367"]
[EventDate "2025.08.02"]

1. e4 c6 2. Nf3 d5 3. d3 g6 4. e5 Bg4 5. Nbd2 Bg7 6. h3 Bxf3 7. Nxf3 d4 8. Qe2
e6 9. Qe4 Nd7 10. Qxd4 Nxe5 11. Qxd8+ Rxd8 12. Nxe5 Bxe5 13. Bd2 Ne7 14. O-O-O
Bd4 15. Be1 h5 16. c3 Bg7 17. d4 e5 18. dxe5 Rxd1+ 19. Kxd1 Bxe5 20. Bd2 Kd7 21.
Bc4 Nd5 22. Re1 Re8 23. Kc2 Bd6 24. Rd1 b5 25. Bxd5 cxd5 26. Be3 Kc6 27. Bxa7
Ra8 28. Bd4 Rxa2 29. g4 hxg4 30. hxg4 Bc5 31. Bxc5 Kxc5 32. Rd3 Ra7 33. g5 Re7
34. b4+ Kd6 35. Rf3 d4 36. cxd4 Kd5 37. Re3 Ra7 38. Kd3 Ra3+ 39. Ke2 Ra7 40. Rc3
Kxd4 41. Rc5 Ke4 42. Rxb5 Ra2+ 43. Ke1 Kf4 44. Rb7 Kxg5 45. Rxf7 Rb2 46. Rb7 Kf4
47. b5 Kf3 48. b6 Rb1+ 49. Kd2 Kxf2 50. Kc2 Rb5 51. Kd3 g5 52. Kc4 Rb1 53. Rf7+
Ke3 54. b7 g4 55. Rd7 g3 56. Rd3+ Kf2 57. Rd2+ Ke3 58. Rd3+ Kf2 59. Rd2+ Ke3 60.
Rd3+ 1/2-1/2

[Event "52nd Sparkassen Open A"]
[Site "Dortmund GER"]
[Date "2025.08.09"]
[Round "8.16"]
[White "Gloeckler, Christian"]
[Black "Michalczak, Thomas"]
[Result "1-0"]
[WhiteTitle "FM"]
[BlackTitle "FM"]
[WhiteElo "2446"]
[BlackElo "2248"]
[WhiteFideId "34608966"]
[BlackFideId "4622634"]
[EventDate "2025.08.02"]

1. Nf3 d5 2. e3 Nf6 3. c4 e6 4. Nc3 Be7 5. b3 O-O 6. Bb2 c5 7. cxd5 exd5 8. d4
Nc6 9. Be2 Ne4 10. dxc5 Qa5 11. Rc1 Bf6 12. Nd4 Nxc5 13. Nxc6 bxc6 14. O-O Ne4
15. Qc2 Nxc3 16. Bxc3 Bxc3 17. Qxc3 Qxa2 18. Rc2 Qa3 19. Ra1 Qe7 20. Qxc6 Be6
21. Qc5 Qxc5 22. Rxc5 Rfd8 23. b4 d4 24. exd4 Rxd4 25. b5 Rb4 26. Rc7 g6 27. h3
h5 28. Bf1 Kg7 29. Rcxa7 Rxa7 30. Rxa7 Rb1 31. Rc7 Bf5 32. Rc3 Bd7 33. Rc5 Bf5
34. Rd5 Be6 35. Rd4 Kf6 36. f3 Ke7 37. Kf2 Bd7 38. Rd5 Be6 39. Rc5 Kd6 40. Rc6+
Ke5 41. h4 Kd4 42. Rc2 Ke5 43. Bd3 Rb3 44. Rd2 Rb4 45. Ke3 Bd7 46. Bxg6 fxg6 47.
Rxd7 Rb3+ 48. Kf2 Rxb5 49. Rf7 Rb4 50. Kg3 Ra4 51. Rf8 Rb4 52. Kh3 Ke6 53. g3
Ke7 54. Rf4 Rb1 55. g4 hxg4+ 56. fxg4 Rh1+ 57. Kg3 Ke6 58. g5 Rg1+ 59. Kh2 Ra1
60. Rf6+ Ke5 61. Rxg6 Kf5 62. Rh6 Kg4 63. Kg2 Ra2+ 64. Kf1 Kf3 65. Ke1 Ke3 66.
Kd1 Kd3 67. Kc1 Kc3 68. Rc6+ Kd4 69. g6 Kd5 70. Rb6 Rh2 71. h5 Kc5 72. g7 Kd5 1-0

[Event "52nd Sparkassen Open A"]
[Site "Dortmund GER"]
[Date "2025.08.09"]
[Round "8.17"]
[White "Ahmadinia, Ebrahim"]
[Black "Kamp, Adrian"]
[Result "1-0"]
[WhiteTitle "IM"]
[WhiteElo "2388"]
[BlackElo "2247"]
[WhiteFideId "12501891"]
[BlackFideId "16222466"]
[EventDate "2025.08.02"]

1. e4 c5 2. Nf3 Nc6 3. c3 d5 4. exd5 Qxd5 5. d4 Nf6 6. dxc5 Qxc5 7. Na3 Ng4 8.
Qe2 Bf5 9. h3 Bd3 10. Qxd3 Qxf2+ 11. Kd1 Rd8 12. Qxd8+ Kxd8 13. hxg4 e5 14. Nc4
Bc5 15. Ng5 Kc7 16. Ne4 Rd8+ 17. Bd2 Qf4 18. Nxc5 b5 19. Kc1 Rxd2 20. Nxd2 Qe3
21. Nb3 b4 22. Kc2 bxc3 23. bxc3 1-0

[Event "52nd Sparkassen Open A"]
[Site "Dortmund GER"]
[Date "2025.08.10"]
[Round "9.1"]
[White "Bluebaum, Matthias"]
[Black "Ganguly, Surya Shekhar"]
[Result "1/2-1/2"]
[WhiteTitle "GM"]
[BlackTitle "GM"]
[WhiteElo "2660"]
[BlackElo "2566"]
[WhiteFideId "24651516"]
[BlackFideId "5002150"]
[EventDate "2025.08.02"]

1. d4 d5 2. c4 dxc4 3. Nf3 Nf6 4. e3 e6 5. Bxc4 c5 6. O-O Nc6 7. Nc3 a6 8. Bb3
cxd4 9. exd4 Be7 10. Bf4 O-O 11. Rc1 Na5 12. Bc2 b5 13. a4 1/2-1/2